Catalog

Record Details

Catalog Search



Something worth doing : a novel of an early ... Read More

Available copies

  • 3 of 3 copies available at LARL/NWRL Consortium.
  • 2 of 2 copies available at Lake Agassiz Regional Library. (Show preferred library)

Current holds

2 current holds with 3 total copies.

Show Only Available Copies
Location Call Number / Copy Notes Barcode Shelving Location Status Due Date
Crookston Public Library C KIR (Text) 33500013314406 Main Available -
Moorhead Public Library C KIR (Text) 33500013330097 Main Available -
Roseau Public Library KIR (Text) 35500006452914 Main Available -

Record details

  • ISBN: 9780800736118
  • ISBN: 0800736117
  • ISBN: 0800739248
  • ISBN: 9780800739249
  • Physical Description: 312 pages ; 22 cm
  • Publisher: Grand Rapids, Michigan : Revell, a division of Baker Publishing Group, [2020]

Content descriptions

General Note:
Includes discussion questions.
Summary, etc.:
"In 1853, Abigail Scott was a 19-year-old school ... Read More
Subject: Women > Suffrage > Fiction.
Women's rights > Fiction.
Newspapers > Fiction.
West (U.S.) > Fiction.
Women > Fiction.
West (U.S.) > Fiction.
Newspapers
Women
Women > Suffrage
Women's rights
West United States
Genre: Christian fiction.
Biographical fiction
Christian fiction
Fiction
Historical fiction
Historical fiction.
Christian fiction.
Historical fiction.
Biographical fiction.
Christian fiction.
LDR 03620cam a22006858i 4500
001343088
003LARL_NWRL_CONSORTIUM
00520201216200730.0
008200214s2020 miu e 000 1 eng
010 . ‡a 2020004897
040 . ‡aDLC ‡beng ‡erda ‡cDLC ‡dOCLCO ‡dMJ8 ‡dLE@ ‡dNZAUC ‡dYU6 ‡dOCLCO ‡dYDX ‡dTDS ‡dOCLCF ‡dUKMGB ‡dTXGPM ‡dINR
015 . ‡aGBC0F5240 ‡2bnb
0167 . ‡a019972017 ‡2Uk
019 . ‡a1141505599
020 . ‡a9780800736118 ‡q(paperback)
020 . ‡a0800736117 ‡q(paperback)
020 . ‡z9780800739249 ‡q(hardcover)
020 . ‡a0800739248 ‡q(hardcover)
020 . ‡a9780800739249
035 . ‡a(OCoLC)1141032045 ‡z(OCoLC)1141505599
042 . ‡apcc
08200. ‡a813/.54 ‡223
1001 . ‡aKirkpatrick, Jane, ‡d1946- ‡eauthor. ‡0(LARL_NWRL_CONSORTIUM)102901
24510. ‡aSomething worth doing : ‡ba novel of an early suffragist / ‡cJane Kirkpatrick.
264 1. ‡aGrand Rapids, Michigan : ‡bRevell, a division of Baker Publishing Group, ‡c[2020]
264 4. ‡c©2020
300 . ‡a312 pages ; ‡c22 cm
336 . ‡atext ‡btxt ‡2rdacontent
337 . ‡aunmediated ‡bn ‡2rdamedia
338 . ‡avolume ‡bnc ‡2rdacarrier
500 . ‡aIncludes discussion questions.
520 . ‡a"In 1853, Abigail Scott was a 19-year-old school teacher in Oregon Territory when she married Ben Duniway. Marriage meant giving up on teaching, but Abigail always believed she was meant to be more than a good wife and mother. When financial mistakes and an injury force Ben to stop working, Abigail becomes the primary breadwinner for her growing family. What she sees as a working woman appalls her, and she devotes her life to fighting for the rights of women, including their right to vote. Following Abigail as she bears six children, runs a millinery and a private school, helps on the farm, writes novels, gives speeches, and eventually runs a newspaper supporting women's suffrage, Something Worth Doing explores issues that will resonate strongly with modern women: the pull between career and family, finding one's place in the public sphere, and dealing with frustrations and prejudices women encounter when they compete in male-dominated spaces. Based on a true story of a pioneer for women's rights from award-winning author Jane Kirkpatrick will inspire you to believe that some things are worth doing - even when the cost is great."--Provided by publisher.
650 0. ‡aWomen ‡xSuffrage ‡vFiction.
650 0. ‡aWomen's rights ‡vFiction.
650 0. ‡aNewspapers ‡vFiction.
651 0. ‡aWest (U.S.) ‡vFiction. ‡0(LARL_NWRL_CONSORTIUM)176229
650 0. ‡aWomen ‡vFiction.
651 1. ‡aWest (U.S.) ‡xFiction.
650 7. ‡aNewspapers ‡2fast ‡0(LARL_NWRL_CONSORTIUM)26804
650 7. ‡aWomen ‡2fast ‡0(LARL_NWRL_CONSORTIUM)34553
650 7. ‡aWomen ‡xSuffrage ‡2fast ‡0(LARL_NWRL_CONSORTIUM)34592
650 7. ‡aWomen's rights ‡2fast ‡0(LARL_NWRL_CONSORTIUM)34793
651 7. ‡aWest United States ‡2fast
655 0. ‡aChristian fiction.
655 7. ‡aBiographical fiction ‡2fast
655 7. ‡aChristian fiction ‡2fast
655 7. ‡aFiction ‡2fast
655 7. ‡aHistorical fiction ‡2fast
655 7. ‡aHistorical fiction. ‡2gsafd
655 7. ‡aChristian fiction. ‡2gsafd
655 7. ‡aHistorical fiction. ‡2lcgft
655 7. ‡aBiographical fiction. ‡2lcgft
655 7. ‡aChristian fiction. ‡2lcgft
901 . ‡a343088 ‡bOCoLC ‡c343088 ‡tbiblio ‡soclc

Additional Resources